The Legend of Korra Episode Quiz - Statistics

General Stats
  • This quiz has been taken 160 times
  • The average score is 18 of 52
Answer Stats
# Title % Correct
1x01 Welcome to Republic City
79%
4x02 Korra Alone
72%
1x06 And The Winner Is...
62%
1x12 Endgame
57%
3x01 A Breath of Fresh Air
52%
2x07 Beginnings, Part 1
52%
2x08 Beginnings, Part 2
52%
4x11 Kuvira's Gambit
52%
3x03 The Earth Queen
52%
1x11 Skeletons in the Closet
49%
2x12 Harmonic Convergence
48%
3x13 Venom of the Red Lotus
48%
4x01 After All These Years
44%
1x02 A Leaf in The Wind
44%
3x05 The Metal Clan
44%
2x03 Civil Wars, Part 1
43%
2x04 Civil Wars, Part 2
43%
4x10 Operation Beifong
39%
3x07 Original Airbenders
39%
4x13 The Last Stand
39%
3x12 Enter the Void
36%
1x05 The Spirit of Competition
36%
2x14 Light in the Dark
34%
3x10 Long Live the Queen
34%
3x09 The Stakeout
34%
4x08 Remembrances
33%
4x06 The Battle of Zaofu
33%
3x11 The Ultimatum
33%
4x12 Day of the Colossus
31%
1x07 The Aftermath
31%
2x06 The Sting
31%
1x08 When Extremes Meet
31%
2x02 The Southern Lights
30%
2x13 Darkness Falls
28%
1x03 The Revelation
28%
2x11 Night of a Thousand Stars
26%
2x01 Rebel Spirit
26%
2x09 The Guide
26%
1x09 Out of the Past
25%
1x10 Turning the Tides
25%
2x05 Peacekeepers
23%
4x07 Reunion
23%
1x04 The Voice in the Night
21%
2x10 A New Spiritual Age
20%
3x08 The Terror Within
20%
3x06 Old Wounds
18%
4x05 Enemy at the Gates
16%
4x03 The Coronation
16%
3x02 Rebirth
15%
4x04 The Calling
15%
4x09 Beyond the Wilds
13%
3x04 In Harm's Way
13%
No matching quizzes found
Score Distribution
Percent of People with Each Score
Percentile by Number Answered
Your Score History
You have not taken this quiz